000 00455nam a2200193Ia 4500
005 20240823041907.0
008 240823s9999||||xx |||||||||||||| ||und||
041 _aENGLISH
082 _A691 M3
100 _aSharma S K
245 2 _aA Textbook of Building Construction
250 _a1st
260 _c1982
_bS Chand Co
500 _aTRANSFERED
650 _aBuilding Construction
_bCivil
700 _a Kaul B K
942 _cBK
999 _c206588
_d206588